000
00325nam a2200145Ia 4500
008
230718s9999 xx 000 0 und d
041
_a
Eng.
082
_a
34603
_b
KAP-L
100
_a
Kapoor, S.K
245
0
_a
Law of tests
260
_a
Pakistan
_b
Manzoor book house
_c
2004
300
_a
250
650
_a
Law
999
_c
28122
_d
28122